| 000 | 00536nam a2200193Ia 4500 | ||
|---|---|---|---|
| 003 | LDD | ||
| 008 | 181029s9999 xx 000 0 und d | ||
| 020 |
_a3339183339 _c168.00 |
||
| 040 | _cLDD | ||
| 100 | _aDEKKER, Adrianus J. | ||
| 245 | 0 |
_aSolid state physics _cAdrianus J. DEKKER |
|
| 260 |
_aDelhi _bMcmillan India _c1957 |
||
| 300 | _axiv, 540p | ||
| 365 | _b168.00 | ||
| 901 |
_a534 _b24-10-1996 |
||
| 902 |
_a37380 _b08-11-1996 _cF _dHBA _e53 |
||
| 903 |
_aDiscount-10 _bReqst by : S.R. Jha |
||
| 942 |
_2ddc _cBK |
||
| 999 |
_c53511 _d53511 |
||